书目信息 |
| 题名: |
坦桑尼亚
|
|
| 作者: | 裴善勤 编著 | |
| 分册: | ||
| 出版信息: | 北京 社会科学文献出版社 2008.09 |
|
| 页数: | 16,638页 | |
| 开本: | 21cm | |
| 丛书名: | 列国志 | |
| 单 册: | ||
| 中图分类: | K942.5 | |
| 科图分类: | ||
| 主题词: | ||
| 电子资源: | ||
| ISBN: | 978-7-5097-0296-3 | |
| 000 | 00904oam2 2200289 450 | |
| 001 | 010800010115 | |
| 005 | 20131014145122.79 | |
| 010 | @a978-7-5097-0296-3@dCNY49.00 | |
| 100 | @a20080918d2008 em y0chiy0110 ea | |
| 101 | 0 | @achi |
| 102 | @aCN@b110000 | |
| 105 | @afk z 000yy | |
| 106 | @ar | |
| 200 | 1 | @a坦桑尼亚@9tan sang ni ya@f裴善勤编著 |
| 210 | @a北京@c社会科学文献出版社@d2008.09 | |
| 215 | @a16,638页@c图版(6页)@d21cm | |
| 225 | 2 | @a列国志 |
| 300 | @a中国社会科学院重大课题 国家“十五”重点出版项目 | |
| 330 | @a本书全面、详细地介绍了坦桑尼亚的自然地理、历史、政治、经济、军事、科学、教育、文化、卫生、体育、外交等各方面的情况。 | |
| 461 | 0 | @12001 @a列国志 |
| 510 | 1 | @aTanzania@zeng |
| 607 | @a坦桑尼亚@x概况 | |
| 607 | @a坦桑尼亚 | |
| 690 | @aK942.5@v4 | |
| 701 | 0 | @a裴善勤@9pei shan qin@4编著 |
| 801 | 0 | @aCN@bRENTIAN@c20080918 |
| 905 | @b541197-201@dK942.5@e220@f5 | |
| 坦桑尼亚/裴善勤编著.-北京:社会科学文献出版社,2008.09 |
| 16,638页:图版(6页);21cm.-(列国志) |
| 中国社会科学院重大课题 国家“十五”重点出版项目 |
| ISBN 978-7-5097-0296-3:CNY49.00 |
| 本书全面、详细地介绍了坦桑尼亚的自然地理、历史、政治、经济、军事、科学、教育、文化、卫生、体育、外交等各方面的情况。 |
| ● |
| 相关链接 |
|
|
|
|
正题名:坦桑尼亚
索取号:K942.5/220
 
预约/预借
| 序号 | 登录号 | 条形码 | 馆藏地/架位号 | 状态 | 备注 |
| 1 | 541197 | 205411972 | 第二样本阅览室/ [索取号:K942.5/220] | 在馆 | |
| 2 | 541198 | 205411981 | 第二借阅区/ [索取号:K942.5/220] | 在馆 | |
| 3 | 541199 | 205411990 | 密集书库-史法系/ [索取号:K942.5/220] | 在馆 | |
| 4 | 541200 | 205412007 | 第二借阅区/ [索取号:K942.5/220] | 在馆 | |
| 5 | 541201 | 205412016 | 第二借阅区/ [索取号:K942.5/220] | 在馆 |